[Event "Solta op 5th"]
[Site "Grohote"]
[Date "2022.07.06"]
[Round "5"]
[White "Starcevic, Ante Leon"]
[Black "Vucenovic, Damian"]
[Result "1/2-1/2"]
[WhiteElo "2226"]
[BlackElo "2047"]
[PlyCount "100"]
[EventDate "2022.07.02"]
[EventType "swiss"]
[EventRounds "9"]
[EventCountry "CRO"]
[SourceTitle "EXT 2023"]
[Source "ChessBase"]
[SourceDate "2022.10.05"]
[SourceVersion "1"]
[SourceVersionDate "2022.10.05"]
[SourceQuality "1"]

1. d4 d5 2. Bf4 Nf6 3. e3 e6 4. Nd2 Bd6 5. Bg3 0-0 6. Bd3 b6 7. e4 dxe4 8. Nxe4 Bb7 9. Qe2 Nxe4 10. Bxe4 Bxe4 11. Qxe4 Nd7 12. Nf3 Nf6 13. Qc6 Qe8 14. Qc4 Ne4 15. 0-0 Nxg3 16. hxg3 c5 17. dxc5 Bxc5 18. a4 Rc8 19. Qb5 Qe7 20. Rad1 Rfd8 21. Rfe1 h6 22. c3 Qf6 23. Qe2 g5 24. g4 Qf4 25. Rxd8+ Rxd8 26. Qe4 Qxe4 27. Rxe4 Rd1+ 28. Re1 Rxe1+ 29. Nxe1 f5 30. b4 Bd6 31. f3 fxg4 32. fxg4 Kf7 33. Kf2 Be5 34. c4 Bc3 35. Nd3 Ke7 36. Ke3 Kd6 37. Ke4 Bg7 38. Ne1 Bc3 39. Nc2 Kc6 40. Kd3 Bg7 41. c5 bxc5 42. b5+ Kb6 43. Kc4 Bd4 44. Na3 a6 45. bxa6 Kxa6 46. Nb5 e5 47. Nd6 Ka5 48. Kb3 Kb6 49. Kc4 Ka5 50. Kb3 Kb6 1/2-1/2

[Event "Solta op 5th"]
[Site "Grohote"]
[Date "2022.07.03"]
[Round "2"]
[White "Doric, Nenad"]
[Black "Vucenovic, Damian"]
[Result "1-0"]
[WhiteElo "2231"]
[BlackElo "2047"]
[PlyCount "115"]
[EventDate "2022.07.02"]
[EventType "swiss"]
[EventRounds "9"]
[EventCountry "CRO"]
[SourceTitle "EXT 2023"]
[Source "ChessBase"]
[SourceDate "2022.10.05"]
[SourceVersion "1"]
[SourceVersionDate "2022.10.05"]
[SourceQuality "1"]

1. d4 d5 2. c4 e6 3. Nc3 Nf6 4. Bg5 Be7 5. e3 c6 6. Nf3 0-0 7. Rc1 Ne4 8. Bxe7 Qxe7 9. Bd3 Nxc3 10. Rxc3 Nd7 11. 0-0 e5 12. dxe5 Nxe5 13. cxd5 cxd5 14. Be2 Rd8 15. Nd4 Bd7 16. Qb3 Nc6 17. Qxd5 Nxd4 18. Qxd4 Bc6 19. Qc5 Qxc5 20. Rxc5 Rd2 21. Bb5 Rxb2 22. Bxc6 bxc6 23. a4 Rc8 24. Rfc1 Kf8 25. g3 Ra2 26. R1c4 Ke7 27. Rd4 Ke6 28. g4 f6 29. h4 Ke7 30. Kg2 Rc7 31. Kg3 Ra3 32. g5 fxg5 33. hxg5 g6 34. Kf4 Ke6 35. Ke4 Ra2 36. f4 Ra3 37. Re5+ Kf7 38. Rc4 Re7 39. Rxe7+ Kxe7 40. Rxc6 Rxa4+ 41. Kf3 Kd7 42. Rc1 a5 43. Rh1 Ke6 44. Rxh7 Ra1 45. Rg7 a4 46. Ke4 Rb1 47. Rxg6+ Kf7 48. Ra6 Rb4+ 49. Kf5 Rb5+ 50. Kg4 Rb4 51. g6+ Kg7 52. Kg5 Rb2 53. Ra7+ Kf8 54. Rxa4 Kg7 55. Ra7+ Kf8 56. f5 Kg8 57. Ra8+ Kg7 58. f6# 1-0

[Event "CRO-ch U15"]
[Site "Trogir"]
[Date "2021.06.20"]
[Round "3"]
[White "Vucenovic, Damian"]
[Black "Begic, Domagoj"]
[Result "1-0"]
[WhiteElo "2040"]
[BlackElo "1834"]
[PlyCount "69"]
[EventDate "2021.06.18"]
[EventType "swiss"]
[EventRounds "9"]
[EventCountry "CRO"]
[SourceTitle "EXT 2022"]
[Source "ChessBase"]
[SourceDate "2021.10.06"]
[SourceVersion "1"]
[SourceVersionDate "2021.10.06"]
[SourceQuality "1"]

1. e4 d5 2. exd5 Qxd5 3. Nc3 Qd8 4. Bc4 Nf6 5. d3 Bf5 6. Qf3 Bc8 7. Bf4 g6 8. Nd5 Nxd5 9. Bxd5 e6 10. Be5 exd5 11. Bxh8 Be6 12. Ne2 Nc6 13. 0-0 Qd7 14. Bf6 Be7 15. Rfe1 0-0-0 16. Bxe7 Qxe7 17. c3 g5 18. a4 a5 19. Qe3 Qf6 20. Nd4 Nxd4 21. cxd4 h5 22. Rac1 Rd6 23. Rc2 h4 24. Rec1 c6 25. Rc5 Qd8 26. Qd2 b6 27. Rxc6+ Rxc6 28. Rxc6+ Kb7 29. Rc1 g4 30. b4 Bd7 31. bxa5 Bxa4 32. Qb4 Bc6 33. a6+ Kc7 34. Qb5 Qa8 35. a7 1-0